Brawl Stars - Brawlers (AVRIL 2024) - Statistiques

Statistiques générales
  • Ce quiz a été pris 1 748 fois
  • Le résultat moyen est 56 sur 81
Statistiques - réponses
Par images Réponse % Correct
Colt
98%
Nita
98%
Shelly
98%
Bull
97%
Brock
95%
El Costo
95%
Poco
95%
Bartaba
94%
Rosa
94%
Jessie
91%
A.R.K.A.D.
86%
Carl
86%
Penny
86%
Ricochet
86%
Tick
86%
Bo
85%
Darryl
84%
Dynamike
84%
Frank
84%
Edgar
83%
Béa
82%
Gus
82%
Jacky
82%
Pam
82%
Polly
82%
Stu
82%
Billie
81%
Nani
78%
Eliz@
77%
Gaël
77%
Griff
76%
Colette
75%
Grom
74%
Mortis
73%
Tara
73%
Ash
72%
Belle
71%
Bonnie
71%
Max
71%
Hank
70%
Lola
70%
Sam
70%
Larry
69%
Mandy
68%
Angelo
67%
Pearl
67%
Maisie
65%
D'Jinn
64%
Buzz
62%
Lawrie
62%
Byron
61%
Wally
61%
Fang
59%
Lou
58%
Médor
58%
Monsieur M.
58%
Léon
57%
Corbac
56%
Spike
56%
Squeak
56%
Otis
55%
Eve
54%
Doug
53%
Buster
52%
Gray
52%
Janet
52%
Melody
52%
Ambre
51%
Kit
50%
Mico
50%
R-T
50%
Willow
50%
Émeri
49%
Surge
49%
Charlie
48%
Meg
48%
Chuck
47%
Chester
46%
Cordelius
44%
Draco
43%
Lily
43%
Aucun quiz correspondant
Distribution des résultats
% des personnes avec chaque résultat
Percentile par nombre de réponses
Votre historique - résultats
Vous n’avez pas pris ce quiz